000 00517nam a2200217Ia 4500
003 OSt
005 20221005122710.0
006 a|||||r|||| 00| 0
007 ta
008 221004b |||||||| |||| 00| 0 kan d
024 _a62261
037 _cTextual
040 _aCRL
_cCRL
_bkan
041 _2kan
_akan
082 _aO33wM, H6
245 0 _aKannada sahityajnara atmkathan
260 _c1946
650 _aKANNAD LITERATURE
942 _hO33wM, H6
_cTEXL
_2cc
999 _c1045120
_d1045120